Países con IKEA en un Mapa - Estadísticas

Estadísticas generales
  • Esta prueba ha sido intentada 39 veces
  • La puntuación promedio es 57 de 60
Respuestas en el mapa
Las respuestas están codificadas por una escala verde-roja en el mapa de la prueba según el % correcto abajo.
 
Estadísticas de respuestas
Respuesta % Correcto
China
100%
Corea del Sur
100%
España
100%
Estados Unidos
100%
Francia
100%
India
100%
Islandia
100%
Marruecos
100%
México
100%
Portugal
100%
Reino Unido
100%
Suecia
100%
Turquía
100%
Alemania
97%
Arabia Saudita
97%
Australia
97%
Austria
97%
Bélgica
97%
Canadá
97%
Chile
97%
Colombia
97%
Estonia
97%
Finlandia
97%
Grecia
97%
Irlanda
97%
Italia
97%
Japón
97%
Letonia
97%
Lituania
97%
Noruega
97%
Países Bajos
97%
Polonia
97%
Suiza
97%
Bulgaria
94%
Catar
94%
Dinamarca
94%
Egipto
94%
Emiratos Árabes Unidos
94%
Hungría
94%
Indonesia
94%
Omán
94%
Ucrania
94%
Croacia
91%
Filipinas
91%
Israel
91%
Rumanía
91%
Singapur
91%
Tailandia
91%
Taiwan
91%
Eslovenia
89%
Malasia
89%
República Checa
89%
Serbia
89%
Chipre
86%
Eslovaquia
86%
Kuwait
86%
República Dominicana
86%
Baréin
83%
Jordania
83%
Kosovo
83%
No se encontraron pruebas coincidentes
Distribución de puntuación
Porcentaje de gente con cada puntuación
Porcentaje por número respondido
Historial de tus puntuaciones
No has intentado esta prueba.